000 00634nam a2200205 a 4500
005 20140310183623.0
008 121206s19uu xx 00 eng d
020 _a9781408032138
050 _aHF 5686.C8
_b.D796 2011
100 _aDrury, Colin
245 _aCost and management accounting :
_ban introduction /
_cColin Drury.
250 _a7th ed.
260 _aHampshire, UK :
_bSouth-Western / Cengage Learning,
_c2011.
300 _axxiv, 476 p. :
_bcol. ill. ;
_c26 cm.
500 _aIncludes bibliographical references and index
521 _aBSBA
650 _aCost accounting
942 _cBK
_2lcc
_kFOR
999 _c25463
_d25463